[Event "BL Meisterschaftsturnier 2020"]
[Site "Karlsruhe"]
[Date "2020.09.20"]
[Round "7.3"]
[White "Aronian, Levon"]
[Black "Kryvoruchko, Yuriy"]
[Result "1/2-1/2"]
[WhiteElo "2773"]
[BlackElo "2682"]
[Annotator "TA"]
[PlyCount "41"]
[EventDate "2020.09.16"]
[EventType "team-tourn"]
[EventCountry "GER"]
[SourceTitle "playchess.com"]
[Source "ChessBase"]
[SourceQuality "1"]
[WhiteTeam "Baden-Baden"]
[BlackTeam "Viernheim"]

{[%evp 11,41,10,18,25,30,29,14,2,20,24,22,21,23,24,22,18,27,17,37,14,23,1,8,0,0,0,33,8,22,-36,-47,-49]} 1. e4 e5 2. Nf3 Nc6 3. Bc4 Bc5 4. d3 Nf6 5. O-O d6 6. c3 a6 7. a4 {C54: Giuoco Piano: 4 c3 Nf6, main lines with 5 d4 and 5 d3.} Ba7 8. Na3 {[%cal Bb1a3,Ba3c2,Bc2e3][%mdl 32]} h6 9. Nc2 {The position is equal.} O-O 10. Be3 Re8 11. Bxa7 Rxa7 12. Ne3 Be6 13. Bxe6 Rxe6 {[#]} 14. Qb3 $146 ({Predecessor:} 14. Re1 Ra8 15. a5 d5 16. Qb3 dxe4 17. dxe4 Nxe4 18. Rad1 Qc8 19. Nd5 Nd6 20. Qa2 {0-1 (38) Ince,T-Taspinar,Y (2215) Antalya 2020}) 14... a5 15. Nd2 Ne7 16. f4 exf4 17. Rxf4 d5 18. Raf1 c6 19. R4f2 b5 20. axb5 (20. Nf3 $11) 20... Qb6 $15 {[#] Hoping for ...a4.} 21. Nf5 {Accuracy: White = 85%, Black = 91%.} 1/2-1/2

[Event "BL Meisterschaftsturnier 2020"]
[Site "Karlsruhe"]
[Date "2020.09.20"]
[Round "7.3"]
[White "Sprenger, Jan Michael"]
[Black "Areshchenko, Alexander"]
[Result "1/2-1/2"]
[WhiteElo "2482"]
[BlackElo "2678"]
[Annotator "TA"]
[PlyCount "88"]
[EventDate "2020.09.16"]
[EventType "team-tourn"]
[EventCountry "GER"]
[SourceTitle "playchess.com"]
[Source "ChessBase"]
[SourceQuality "1"]
[WhiteTeam "SF Berlin"]
[BlackTeam "Werder Bremen"]

{[%evp 19,88,8,7,10,18,0,0,0,0,0,0,0,0,0,11,8,22,22,37,23,38,39,34,18,24,29,25,18,29,28,14,14,18,9,41,-24,64,50,62,31,32,17,56,0,18,18,52,14,23,0,0,0,0,-26,0,8,116,117,111,91,103,88,131,79,79,79,79,79,79,79,79]} 1. e4 c5 2. Nf3 d6 3. d4 cxd4 4. Nxd4 Nf6 5. Nc3 a6 6. Be2 e5 7. Nb3 Be7 8. Bg5 Be6 9. Bxf6 Bxf6 10. Qd3 O-O 11. O-O-O {B92: Sicilian Najdorf: 6 Be2.} Be7 12. Nd5 Bxd5 13. Qxd5 {The position is equal.} Qc7 14. Kb1 Nd7 15. Nd2 b5 16. Nf1 {[#]} Nf6 $146 ({Predecessor:} 16... Nb6 17. Qb3 Bg5 18. h4 Bf4 19. g3 Bh6 20. Nh2 Rfe8 21. Ng4 Re6 22. Rd3 Nc4 {1-0 (37) Vaishali,R (2322)-Hejazipour,M (2349) Tashkent 2016}) 17. Qd3 d5 18. exd5 {And now d6 would win.} Rad8 19. Bf3 Rfe8 20. Nd2 g6 21. g4 e4 22. Nxe4 {Black must now prevent d6.} Nxd5 23. h4 Nf6 24. Nxf6+ Bxf6 25. Bd5 Rd7 26. g5 Bg7 (26... Red8 $5 {[%cal Rd7d5]} 27. Qb3 (27. gxf6 Rxd5 28. Qxd5 Rxd5 $11) 27... Bg7 $11) 27. Rhe1 (27. Qg3 $14) 27... Red8 ({Better is} 27... Rxe1 $11 28. Rxe1 Qc5) 28. Qf3 $14 b4 29. Rd3 a5 {[%cal Ba6a5,Ba5a4,Ba4a3][%mdl 32]} 30. Qe4 a4 31. f4 (31. h5 $14) 31... Rc8 {[#]} (31... Bxb2 $5 32. Bxf7+ (32. Kxb2 Rxd5 33. Rxd5 Qc3+ 34. Kc1 Rxd5 $11) 32... Kxf7 33. Qe6+ Kf8 34. Rxd7 (34. Kxb2 a3+ 35. Kc1 Rxd3 $11) 34... Qxd7 35. Qxd7 (35. Kxb2 Qd4+ 36. Kb1 a3 $11) 35... Rxd7 36. Kxb2 Rd4 $11) 32. Bc4 $1 $36 {[%mdl 2560] Black is under pressure.} Rxd3 (32... Qxc4 33. Rxd7) 33. cxd3 a3 34. b3 Rf8 35. Kc2 Qc5 36. Re3 Bd4 37. Rf3 Bg7 {[#]} (37... Bc3 $11 {keeps the balance.}) 38. f5 $1 $16 {[%cal Rf5f6]} gxf5 39. Rxf5 Qc7 40. Qf4 Qe7 {[#]} 41. d4 (41. Kd1 $142 $1) 41... Kh8 {Strongly threatening ...Qe1.White is better.} 42. Rxf7 Rxf7 43. Qxf7 Qxf7 44. Bxf7 Bxd4 {Accuracy: White = 82%, Black = 75%.} 1/2-1/2

[Event "BL Meisterschaftsturnier 2020"]
[Site "Karlsruhe"]
[Date "2020.09.20"]
[Round "7.4"]
[White "Korobov, Anton"]
[Black "Rapport, Richard"]
[Result "1/2-1/2"]
[WhiteElo "2688"]
[BlackElo "2760"]
[Annotator "TA"]
[PlyCount "71"]
[EventDate "2020.09.16"]
[EventType "team-tourn"]
[EventCountry "GER"]
[SourceTitle "playchess.com"]
[Source "ChessBase"]
[SourceQuality "1"]
[WhiteTeam "Viernheim"]
[BlackTeam "Baden-Baden"]

{[%evp 13,71,0,0,0,7,-15,-17,-19,0,0,0,0,0,-13,10,-21,4,-7,0,0,0,-45,-10,-22,0,-50,-55,-68,-17,-17,-12,-17,-16,-14,-12,-12,-12,-38,0,-1,-9,-17,-17,-7,0,0,0,0,0,0,0,0,0,0,0,0,0,0,0,0]} 1. d4 Nf6 2. Nf3 d5 3. c4 e6 4. Nc3 Nbd7 5. cxd5 exd5 6. Bf4 c6 7. Qc2 Nh5 $1 {[%mdl 4] is recently more successful than 7...Be7.} 8. Bd2 {D35: Queen's Gambit Declined: Exchange Variation.} Nhf6 9. g3 {[#]} Nb6 $146 ({Predecessor:} 9... Bd6 10. Bg2 O-O 11. O-O Re8 12. Bf4 Bxf4 13. gxf4 Nf8 14. Ne5 Ng6 15. e3 Nh4 {1-0 (63) Appelt,G (2196)-Hoen,R (2271) Dresden 2005}) 10. Bg2 Nc4 11. Bf4 Be7 12. Ne5 Nd6 13. O-O Bf5 14. Qb3 h5 15. Rac1 h4 16. Na4 hxg3 17. Bxg3 Nfe4 18. Bxe4 Bxe4 19. Nc5 (19. f3 $5 {[%cal Rf3e4]} Bh7 20. Nc5 $11) 19... Qb6 20. Qe3 Nf5 (20... Rd8 $15) 21. Qf4 $1 $11 Bxc5 22. dxc5 Qc7 23. f3 Nxg3 24. hxg3 Bh7 $1 25. Rc3 Rc8 26. Re3 {The position is equal.} O-O 27. Kf2 f6 28. Nd3 Qa5 29. Qg4 {White wants to mate with Re7!} Rce8 30. Rxe8 Rxe8 31. Qd7 {[%cal Rd7e8]} Rxe2+ {[%mdl 64] [#] Remove Defender} 32. Kxe2 {[%cal Rd7e8]} Bxd3+ $1 33. Kxd3 {White threatens Qe8+ and mate.} Qb5+ 34. Kd2 {Threatening mate with Qe8+.} Qxf1 35. Qe8+ Kh7 36. Qh5+ {Accuracy: White = 88%, Black = 76%.} 1/2-1/2

[Event "BL Meisterschaftsturnier 2020"]
[Site "Karlsruhe"]
[Date "2020.09.20"]
[Round "7.4"]
[White "Efimenko, Zahar"]
[Black "Blohberger, Felix"]
[Result "1-0"]
[WhiteElo "2602"]
[BlackElo "2467"]
[Annotator "TA"]
[PlyCount "109"]
[EventDate "2020.09.16"]
[EventType "team-tourn"]
[EventCountry "GER"]
[SourceTitle "playchess.com"]
[Source "ChessBase"]
[SourceQuality "1"]
[WhiteTeam "Werder Bremen"]
[BlackTeam "SF Berlin"]

{[%evp 21,109,56,62,56,45,21,19,10,50,0,49,52,56,60,69,56,56,54,66,55,85,76,56,60,78,81,81,92,89,79,87,58,47,48,53,32,89,83,93,66,66,73,436,432,502,490,481,419,404,403,398,398,741,525,538,537,536,526,521,512,497,426,331,305,294,294,760,744,547,516,757,747,705,679,697,694,879,860,4133,2040,1664,542,542,540,518,478,29970,29971,7784,6940]} 1. Nf3 c5 2. e3 Nf6 3. d4 e6 4. Bd3 b6 5. c4 Bb7 6. Nc3 cxd4 7. exd4 Bb4 8. O-O O-O 9. Bg5 Bxc3 10. bxc3 h6 11. Bh4 d6 12. Nd2 {E13: Queen's Indian/Nimzo-Indian hybrid: 4 Nc3 Bb7 5 Bg5 h6 6 Bh4 Bb4.} Nbd7 13. Ne4 Bxe4 14. Bxe4 {The position is equal.} Rc8 {aiming for ...g5.} (14... d5 $5 {[%cal Rd5e4]} 15. Bf3 g5 $11) 15. Bd3 $1 Qc7 (15... b5 $5) 16. Rc1 Qc6 17. Re1 Rfe8 {[#]} 18. Qb3 $146 ({Predecessor:} 18. Re3 d5 19. cxd5 Nxd5 20. Rg3 f5 21. Qh5 Qd6 22. Ba6 Qf4 23. Re1 N7f6 24. Qg6 {0-1 (48) Cori Tello,D (2386)-Chiburdanidze,M (2500) Batumi 2012}) 18... Qc7 19. f3 Nh7 20. a4 Nb8 21. Bg3 Nf6 22. Qb5 Nfd7 23. a5 Nc6 24. axb6 axb6 25. Ra1 e5 26. Be4 Nf6 27. Bf5 Ra8 28. Bf2 g6 ({Black should try} 28... Rxa1 $14 29. Rxa1 exd4) 29. Bd3 $36 {[%mdl 2048] White is really pushing.} Nd7 30. Be4 Rxa1 31. Rxa1 Na5 $2 {[%mdl 8192] [#] Black cannot hold the game after this.} (31... Rc8 $16) 32. c5 $1 $18 {[%mdl 512]} Rc8 {[%cal Rd6c5]} (32... bxc5 33. Qxa5) 33. cxb6 Qxc3 34. Qxa5 Qxa5 35. Rxa5 {b7 is the strong threat.} Rc1+ 36. Be1 {[%mdl 64] [#] Threatens to win with b7. Clearance} Rxe1+ 37. Kf2 Rxe4 38. fxe4 Nxb6 39. dxe5 dxe5 40. Rxe5 {[%mdl 4096] Endgame KR-KN} Kg7 41. Rc5 Nd7 42. Rb5 Kf6 43. Ke3 Nf8 $2 (43... Ke6 44. Kd4 f6) 44. Kd4 Ne6+ 45. Kc4 Nf4 46. g3 Ne6 47. Ra5 Ng5 48. Kd5 Nf3 49. h4 h5 50. Ra2 {White wants to mate with Rf2!} g5 51. Ra6+ (51. Ra3 $142 Ng1 52. e5+ Kg7 53. Ra7) 51... Kg7 52. hxg5 Nxg5 53. Ke5 h4 (53... Nh3 $18 54. Kf5 Ng1) 54. Kf5 Nf3 55. Kf4 {Accuracy: White = 87%, Black = 51%.} 1-0

[Event "BL Meisterschaftsturnier 2020"]
[Site "Karlsruhe"]
[Date "2020.09.20"]
[Round "7.5"]
[White "Adams, Michael"]
[Black "Anton Guijarro, David"]
[Result "1/2-1/2"]
[WhiteElo "2706"]
[BlackElo "2688"]
[Annotator "TA"]
[PlyCount "155"]
[EventDate "2020.09.16"]
[EventType "team-tourn"]
[EventCountry "GER"]
[SourceTitle "playchess.com"]
[Source "ChessBase"]
[SourceQuality "1"]
[WhiteTeam "Baden-Baden"]
[BlackTeam "Viernheim"]

{[%evp 10,155,12,11,11,14,14,8,8,4,12,10,9,13,9,4,52,15,12,19,11,6,16,0,0,-58,-61,-116,-108,-113,-108,-115,-123,-124,-120,-118,-119,-419,-85,-89,-82,-87,-79,-89,-86,-75,-78,-105,-68,-78,-68,-71,-49,-75,-56,-85,-75,-94,-40,-47,0,-49,-13,-18,0,-49,-43,-50,-52,-46,-56,-57,-52,-52,-45,-68,-68,-68,-68,-74,8,-77,-83,-112,-120,-112,-114,-119,-93,-104,-112,-130,-100,-418,-381,-299,-127,-177,-177,-177,-169,-554,-195,-554,-551,-627,-576,-514,-483,-408,-206,-1249,-1249,-29987,-29988,-29988,-29989,-29989,-29990,-29990,-283,-1249,-1047,-874,-185,-185,-185,-185,-82,-185,0,0,0,0,0,0,0,0,0,0,0,0,0,0,0,0,0,0]} 1. e4 e5 2. Nf3 Nc6 3. Bc4 Bc5 4. c3 Nf6 5. d3 d6 6. O-O a5 {C54: Giuoco Piano: 4 c3 Nf6, main lines with 5 d4 and 5 d3.} 7. Re1 O-O 8. h3 (8. Nbd2 Be6 9. Bb5 Qb8 10. Nf1 Qa7 11. Be3 Bxe3 12. Nxe3 Qb6 13. a4 Ng4 14. Qd2 Nxe3 15. Rxe3 Ne7 16. d4 Ng6 17. Ng5 c6 18. Bf1 Rad8 19. Nxe6 fxe6 {1-0 (57) Adams,M (2701)-Anton Guijarro,D (2703) Biel 2020}) 8... h6 9. Bb5 Ba7 10. Nbd2 Ne7 11. d4 Ng6 12. Bd3 {[#]} Nh7 $146 ({Predecessor:} 12... Re8 13. Nf1 d5 14. dxe5 Nxe4 15. Be3 Bxe3 16. Rxe3 Bf5 17. Nd4 Bd7 18. f3 Nc5 19. Bxg6 fxg6 {½-½ (42) Eljanov,P (2663)-Esipenko,A (2624) Douglas 2019}) 13. Nf1 Qf6 14. Ng3 Ng5 15. Nf5 exd4 16. N3xd4 Re8 17. h4 (17. Bc2 $11) 17... Ne6 $15 {[%cal Re6d4]} 18. h5 (18. Be3 $15) 18... Nxd4 19. Nxd4 Ne5 20. Be2 Qh4 21. g3 Qxe4 22. Bf4 Qd5 (22... Bh3 23. Bf1 $16) 23. Nb5 $2 {[%mdl 8192] [#]} (23. Qb3 $17 Qxb3 24. axb3) 23... Qxd1 $2 (23... Nf3+ $1 $19 {[%mdl 512] is more deadly.} 24. Bxf3 Rxe1+ {[%mdl 64] Overworked Piece} 25. Qxe1 Qxf3) 24. Raxd1 $17 Bb8 $1 25. Kg2 Be6 26. c4 c6 27. Nd4 Bd7 28. g4 Bc7 ({Not} 28... Nxg4 29. Bxg4 Rxe1 30. Rxe1 $14) 29. Nf5 Be6 30. b3 Rad8 31. Bf3 Kf8 32. Re3 Bxf5 33. gxf5 Nd7 ({Black should play} 33... Bb6 $17 34. Re4 f6) 34. Red3 $15 Bb8 (34... Nc5 $5 {[%cal Rc5d3]} 35. Rd4 Ke7 $11) 35. Bg3 Nf6 36. a3 Ne4 37. b4 Nxg3 38. fxg3 axb4 39. axb4 Re5 40. g4 Ke7 41. Rb1 Kf6 42. b5 Rc5 $1 43. bxc6 bxc6 44. Rb7 Rc8 ({Weaker is} 44... Rxc4 45. Rdb3 $16) (44... d5 $1 $17 45. cxd5 Be5) 45. Rdb3 (45. Ra3 $1 $11) 45... Bc7 $17 46. Ra3 {Black should prevent Raa7.} d5 ({Much worse is} 46... Rxc4 $6 47. Raa7 $11) 47. cxd5 cxd5 48. Rd3 Rc2+ 49. Kf1 Ra8 50. Rb1 Ra4 51. Rxd5 $2 {[%mdl 8192]} (51. Re1 $17) 51... Raa2 $1 $19 {Hoping for ...Rf2+.} 52. Rd3 Kg5 (52... Rf2+ $19 53. Kg1 Kg5) 53. Bd5 {[#]} Rf2+ $1 54. Kg1 {[#]} Rac2 $1 {aiming for ...Bd6.} 55. Bf3 $2 (55. f6 {nothing else works.} Rxf6 56. Rf3) 55... Bh2+ 56. Kh1 {[#]} Bb8 $1 {[%mdl 512] ( -> ...Ba7)} 57. Ra1 {[#]} (57. Rxb8 Rf1#) 57... Ba7 $1 {[%csl Gc2][%cal Rf2h2][%mdl 512]} 58. Bg2 (58. Rxa7 Rf1#) 58... Bc5 (58... Rxg2 $2 59. Rxa7 Rge2 60. Rg3 $19) 59. f6 gxf6 (59... Rxg2 $142 {[%csl Gc2][%cal Rg2h2]} 60. Rd5+ Kh4 61. Rxc5 gxf6 62. Rxc2 Rxc2) 60. Rd5+ $2 (60. Ra5) 60... Kh4 61. Ra4 Rxg2 {[%csl Gc2][%cal Rg2h2]} 62. Rxc5 {[%mdl 4096] Endgame KRR-KRR} Rh2+ 63. Kg1 Rcg2+ 64. Kf1 Rxg4 $2 (64... Rf2+ {mates} 65. Kg1 Rhg2+ 66. Kh1 Rg3 67. Rf5 Rfg2 68. g5+ Kh3 69. Rh4+ Kxh4 {[%mdl 64] Double Attack} 70. Rf2 Rxf2 71. gxf6 Rgf3 72. Kg1 Rf1+ 73. Kh2 R3f2#) 65. Rxg4+ $2 (65. Ra6 Rf4+ 66. Kg1) 65... Kxg4 {KR-KR} 66. Rc7 f5 $2 (66... Kxh5 67. Rxf7 Kg6) 67. Rxf7 f4 68. Kg1 Ra2 (68... Rxh5 $19 {has better winning chances. ...Rb5 is the strong threat.} 69. Kg2 Rg5) 69. Rg7+ (69. Rf6 $17) 69... Kf3 $2 (69... Kxh5 $19 {Strongly threatening ...Re2.} 70. Rg8 Kh4) 70. Rg6 $11 {The position is equal.} Ra1+ 71. Kh2 Kf2 72. Rxh6 f3 73. Rb6 Ra5 {[%cal Ra5h5]} 74. Rb2+ Ke3 75. Rb3+ Kf4 76. Rb4+ Ke3 77. Rb3+ Kf4 78. Rb4+ $1 {White happily takes the draw. Accuracy: White = 59%, Black = 68%.} 1/2-1/2

[Event "BL Meisterschaftsturnier 2020"]
[Site "Karlsruhe"]
[Date "2020.09.20"]
[Round "7.5"]
[White "Jakubowski, Krzysztof"]
[Black "Spoelman, Wouter"]
[Result "1-0"]
[WhiteElo "2481"]
[BlackElo "2571"]
[Annotator "TA"]
[PlyCount "99"]
[EventDate "2020.09.16"]
[EventType "team-tourn"]
[EventCountry "GER"]
[SourceTitle "playchess.com"]
[Source "ChessBase"]
[SourceQuality "1"]
[WhiteTeam "SF Berlin"]
[BlackTeam "Werder Bremen"]

{[%evp 13,99,23,35,-3,9,-19,0,-44,-43,-40,-37,-27,-3,-3,-6,-21,-10,-46,-23,-48,0,-8,-7,0,0,-18,0,0,0,0,0,0,0,0,7,0,0,0,0,0,45,27,422,461,410,375,1240,1225,1162,1158,812,292,278,290,268,268,349,225,225,225,225,229,225,218,225,225,213,210,210,205,189,209,221,244,302,269,411,403,480,480,480,472,511,511,637,598,561,466]} 1. e4 c5 2. Nf3 d6 3. d4 cxd4 4. Nxd4 Nf6 5. Nc3 a6 6. Be3 e5 7. Nb3 Be6 8. h3 {B90: Sicilian Najdorf: Unusual White 6th moves, 6 Be3 Ng4 and 6 Be3 e5.} Be7 9. Qf3 O-O 10. O-O-O {The position is equal.} b5 {[%cal Bb7b5,Bb5b4][%mdl 32]} 11. g4 b4 $1 {[%cal Rb4c3]} 12. Nd5 Nxd5 13. exd5 Bc8 14. Bd3 (14. Nc5 $5) 14... a5 15. Nd2 Nd7 16. Kb1 Ba6 17. Bxa6 Rxa6 18. Ne4 a4 19. g5 Qc7 {[#]} 20. Rd3 $146 ({Predecessor:} 20. Rc1 a3 21. b3 f5 22. gxf6 Nxf6 23. c4 Nxd5 24. Qg4 Nf4 25. Bxf4 Rxf4 26. Qe6+ {0-1 (43) Ohanyan,E (2291)-Bodnaruk,A (2411) chess.com INT 2020}) 20... f5 21. gxf6 $1 Nxf6 22. Rg1 Kh8 23. Ng5 {Hoping for Ne6.} Rc8 24. Rc1 $40 {[%mdl 128] White attacks.} Qd7 25. Qg2 g6 26. f4 exf4 27. Bxf4 Qf5 $2 {[%mdl 8192] A mistake that costs the game.} (27... b3 $1 $11) 28. Rf1 $18 {Threatens to win with Nf7+.} Qd7 29. Bd2 Kg8 $2 {[#]} (29... b3 30. Bc3 (30. axb3 axb3 31. cxb3 Qb7 $11) 30... bxa2+ 31. Kxa2 Rxc3 32. Rxc3 Rb6) 30. Nxh7 $1 {[%mdl 576] Clearance} Kxh7 (30... Nxh7 31. Qxg6+) 31. Qg5 {White wants to mate with Qh6+.} Kg7 32. Rg3 $2 (32. Rdf3 {Qh6+ would kill now.} Qc7 33. Qh6+ Kf7 34. Qh7+ Ke8 35. Qxg6+ {[%mdl 64] Double Attack} Kd8 36. Rxf6) 32... Ng4 33. Qxg4 Qxg4 34. Rxg4 Ra5 35. Rfg1 ({Don't take} 35. Bxb4 Rxd5 36. Bc3+ Kh6 $18) 35... Bf6 36. Rxg6+ Kf7 37. Rh6 {And now Rh7+ would win.} Rxd5 38. Bxb4 {aiming for Rf1.} Rg8 39. Rh7+ Ke6 40. Re1+ Re5 {Strongly threatening ...Rxe1+.} 41. Rd1 Rd5 {[%cal Rd5d1]} 42. Rc1 Rg2 43. a3 Rf5 44. Ra7 Rf3 (44... Be5 {is a better defense.} 45. Rxa4 Rff2) 45. Ra6 Be5 {[#]} 46. Bxd6 $1 {[%mdl 512] White is clearly winning.} Bxd6 47. Rd1 Rxh3 48. Raxd6+ Ke7 49. R6d4 Rhh2 50. Rc1 {Accuracy: White = 76%, Black = 64%.} 1-0

[Event "BL Meisterschaftsturnier 2020"]
[Site "Karlsruhe"]
[Date "2020.09.20"]
[Round "7.6"]
[White "Amin, Bassem"]
[Black "Vallejo Pons, Francisco"]
[Result "0-1"]
[WhiteElo "2686"]
[BlackElo "2710"]
[Annotator "TA"]
[PlyCount "82"]
[EventDate "2020.09.16"]
[EventType "team-tourn"]
[EventCountry "GER"]
[SourceTitle "playchess.com"]
[Source "ChessBase"]
[SourceQuality "1"]
[WhiteTeam "Viernheim"]
[BlackTeam "Baden-Baden"]

{[%evp 21,82,-18,-9,-8,-10,-10,0,-14,0,-10,-6,0,1,0,0,0,2,-5,0,-12,0,0,0,-15,-21,-233,-234,-239,-238,-375,-383,-362,-372,-362,-362,-512,-525,-533,-529,-512,-510,-699,-692,-673,-603,-758,-720,-712,-697,-715,-689,-1143,-1143,-1103,-1005,-5214,-5214,-5214,-5214,-5210,-5206,-5177,-5177]} 1. Nf3 d5 2. g3 c6 3. Bg2 Bf5 4. O-O e6 5. d3 Nf6 6. Nbd2 h6 7. b3 Be7 8. Bb2 O-O 9. c4 Bh7 10. a3 a5 11. Ra2 Nbd7 12. Qa1 {A12: English Opening: 1...c6 with b3 by White.} Re8 13. Ne5 Nxe5 14. Bxe5 {The position is equal.} Bd6 15. Rb1 Bxe5 16. Qxe5 Ng4 17. Qf4 Nf6 18. Qe5 Ng4 19. Qd4 Nf6 20. cxd5 e5 $36 {[%mdl 2048] Black has the initiative.} 21. Qc5 cxd5 22. Qb5 Re6 23. Rc2 $2 {[#] White does not recover from this.} (23. Bh3 $11 Rc6 24. b4) 23... Rb6 $1 $19 {[%cal Rb6b5]} 24. Qa4 Bf5 25. Rc5 (25. Nf3 $142 Ng4 26. Nxe5 {[%mdl 64] Decoy} Nxe5 27. Qf4) 25... Bd7 26. Qh4 g5 27. Qxh6 {[#]} Ne4 $1 {[%mdl 512]} 28. Qxb6 (28. Qh5 $142 Nxc5 29. Bxd5) (28. Nxe4 Rxh6) 28... Qxb6 {Black is clearly winning.} 29. Nxe4 dxe4 30. Rxe5 exd3 31. Rxg5+ Kf8 32. exd3 Rc8 33. h4 Rc2 34. Rf1 Rc5 35. Rxc5 Qxc5 36. Bxb7 Qxa3 37. Bd5 Be6 38. Bc4 Bxc4 39. dxc4 Qxb3 40. Ra1 a4 {[%cal Ba5a4,Ba4a3][%mdl 32]} 41. c5 a3 {Accuracy: White = 52%, Black = 97%.} 0-1

[Event "BL Meisterschaftsturnier 2020"]
[Site "Karlsruhe"]
[Date "2020.09.20"]
[Round "7.6"]
[White "Werle, Jan"]
[Black "Schmidek, Emil"]
[Result "1/2-1/2"]
[WhiteElo "2580"]
[BlackElo "2395"]
[Annotator "TA"]
[PlyCount "45"]
[EventDate "2020.09.16"]
[EventType "team-tourn"]
[EventCountry "GER"]
[SourceTitle "playchess.com"]
[Source "ChessBase"]
[SourceQuality "1"]
[WhiteTeam "Werder Bremen"]
[BlackTeam "SF Berlin"]

{[%evp 9,45,14,21,18,18,24,36,31,36,28,32,29,28,26,31,32,35,0,0,0,0,0,0,0,15,-39,-54,-62,-43,-94,-82,-142,-141,-218,-199,-216,-155,-172]} 1. d4 d5 2. c4 e6 3. Nf3 Nf6 4. Nc3 a6 5. cxd5 exd5 6. Bg5 {D37: Queen's Gambit Declined: 5 Bf4.} Be6 7. e3 Nbd7 8. Bd3 {White is slightly better.} h6 9. Bh4 g5 10. Bg3 Nh5 11. Qc2 Nxg3 12. hxg3 Bg7 13. Bf5 Qf6 $36 {[%mdl 2048] Black is more active.} 14. g4 O-O-O {[#]} 15. Nd2 $146 ({Predecessor:} 15. O-O-O Kb8 16. Kb1 c6 17. Ne2 Bxf5 18. Qxf5 Qxf5+ 19. gxf5 g4 20. Ne1 h5 21. g3 {½-½ (28) Saduakassova,D (2519)-Mamedov,R (2659) Wijk aan Zee 2020}) 15... h5 16. Rc1 c6 17. Bxe6 (17. Qb3 $1 $11) 17... Qxe6 $15 18. gxh5 Bxd4 19. Ne2 ({White should try} 19. Nf3 $15 Bf6 20. Ne2) 19... Bb6 $17 20. Ng3 (20. Kf1 $142) 20... d4 {Black is clearly better.} 21. e4 (21. Nc4 $17) 21... d3 $19 ({Resist} 21... Qxa2 22. h6 $17) 22. Qc3 Qg4 {[#] And now ...Qf4 would win.} ({Much less strong is} 22... Qxa2 23. Nf5 $17) 23. Nc4 {Accuracy: White = 66%, Black = 93%.} 1/2-1/2

[Event "BL Meisterschaftsturnier 2020"]
[Site "Karlsruhe"]
[Date "2020.09.20"]
[Round "7.7"]
[White "Naiditsch, Arkadij"]
[Black "Kovalenko, Igor"]
[Result "1-0"]
[WhiteElo "2624"]
[BlackElo "2645"]
[Annotator "TA"]
[PlyCount "137"]
[EventDate "2020.09.16"]
[EventType "team-tourn"]
[EventCountry "GER"]
[SourceTitle "playchess.com"]
[Source "ChessBase"]
[SourceQuality "1"]
[WhiteTeam "Baden-Baden"]
[BlackTeam "Viernheim"]

{[%evp 14,137,0,-5,-2,-13,0,0,0,-18,0,-14,2,-4,-4,-13,4,16,25,27,40,39,44,48,51,50,86,52,72,41,165,130,309,302,414,378,438,452,431,434,428,420,593,590,512,575,592,564,510,445,456,253,264,263,266,265,263,264,263,263,247,240,247,254,240,240,240,240,272,241,454,453,575,577,731,732,709,723,692,660,758,697,856,739,855,853,2726,1788,1347,1419,2362,2306,1340,590,1031,966,775,759,962,1598,1424,1310,1833,1783,1861,0,0,0,1427,694,679,662,618,570,918,910,903,903,868,858,29995,29996,29996,29997,29997,29998]} 1. d4 Nf6 2. Nf3 b6 3. c4 Bb7 4. Nc3 e6 5. g3 Bb4 6. Bg2 Bxc3+ 7. bxc3 O-O 8. O-O Re8 {E21: Nimzo-Indian: 4 Nf3.} 9. Re1 {[#]} Qc8 $146 ({Predecessor:} 9... d6 10. Nd2 Bxg2 11. Kxg2 e5 12. e4 Nc6 13. Bb2 Na5 14. Qa4 Qd7 15. Qxd7 Nxd7 16. f3 {½-½ (43) Huang,Q (2441)-Mkrtchian,L (2390) Astana 2019}) 10. Qc2 Be4 {The position is equal.} 11. Qb3 d6 12. Bf1 Nc6 13. Bg5 Na5 14. Qd1 $1 Nd7 15. Nd2 $36 {[%mdl 2048] White fights for an advantage.} Bg6 16. e4 f6 17. Be3 Qb7 18. h4 Bf7 19. Nb3 Nc6 20. d5 Ne7 21. h5 (21. Bh3 $5 {[%cal Rd5e6]} Ng6 22. Qe2 $14) 21... e5 (21... c6 $14) 22. h6 {Hoping for Qg4!} g5 $2 (22... g6 $16) 23. Bh3 $18 Rad8 24. Qf3 Nc8 25. Bxd7 Rxd7 26. Qxf6 {[%csl Gh6][%cal Rf6g7]} ({Weaker is} 26. Qf5 c5 $18) 26... Bg6 27. Qxg5 Rf7 (27... c5 $142 28. dxc6 Qxc6) 28. f4 exf4 29. gxf4 Rxe4 30. Bd4 Rf5 31. Qg3 Re7 32. Be3 (32. Bg7 $142 c5 33. dxc6 Qxc6 34. Nd4) 32... Ref7 33. Nd4 Ne7 34. Nxf5 Nxf5 35. Qg5 {Black must now prevent Bd4.} Qc8 36. Bd4 {aiming for Re6.} Qf8 37. Re6 Nxd4 38. cxd4 Rf5 39. Qg3 {Threatens to win with Rae1.} Qxh6 40. Re8+ $1 Kg7 41. Re7+ Kh8 $2 (41... Rf7 42. Rae1 Qh5) 42. Rf1 Bh5 43. Rf2 Qf6 44. Rxc7 {Rc8+ is the strong threat.} Bg6 45. Qe3 Qh4 46. Rh2 Qg4+ 47. Rg2 Qd1+ 48. Kf2 {And now Rxg6! would win.} Rf8 49. c5 Bd3 50. Rg5 Qc2+ 51. Kg1 Qb1+ {[#]} 52. Kh2 $1 {Intending Qe7! and mate.} Be4 {[#]} 53. Kg3 (53. Rxh7+ $142 $3 {[%mdl 512]} Bxh7 {[#]} 54. Qe7 $1 {[%mdl 576] Double Attack} Qxa2+ 55. Rg2 Qxg2+ 56. Kxg2 Rg8+ 57. Kf3) 53... Qc2 54. Qf2 Qd3+ 55. Kh2 Qd1 56. cxd6 h6 57. Rgg7 Qh1+ 58. Kg3 Bf5 59. Qh2 Qe1+ 60. Qf2 Qh1 {[%csl Gf5][%cal Rh1h3]} 61. Qg2 Qe1+ 62. Kh2 {White threatens Rh7+! and mate.} Qh4+ 63. Kg1 {Threatening mate with Rh7+!} Qe1+ 64. Qf1 Qe4 65. Qf2 Qxd5 66. Qe3 Be4 67. f5 {[%cal Re3h6] White mates.} Rf6 68. Rh7+ {[%mdl 64] Double Attack} Kg8 69. Qg3+ {Accuracy: White = 81%, Black = 55%.} 1-0